MyGZULibrary

Their eyes were watching God / (Record no. 8641)

MARC details
000 -LEADER
fixed length control field 01100cam a2200289 a 4500
001 - CONTROL NUMBER
control field 4850924
003 - CONTROL NUMBER IDENTIFIER
control field GZU
005 - DATE AND TIME OF LATEST TRANSACTION
control field 20210521113814.0
008 - FIXED-LENGTH DATA ELEMENTS--GENERAL INFORMATION
fixed length control field 910320r19911937ilua b s000 1 eng
010 ## - LIBRARY OF CONGRESS CONTROL NUMBER
LC control number 91014282
020 ## - INTERNATIONAL STANDARD BOOK NUMBER
International Standard Book Number 0252017781 (acidfree paper)
040 ## - CATALOGING SOURCE
Original cataloging agency DLC
Transcribing agency DLC
Modifying agency DLC
-- OCoLC
050 00 - LIBRARY OF CONGRESS CALL NUMBER
Classification number PS3515.U789
Item number THE 1991
082 00 - DEWEY DECIMAL CLASSIFICATION NUMBER
Classification number 813/.52
Edition number 20
100 1# - MAIN ENTRY--PERSONAL NAME
Personal name Hurston, Zora Neale.
245 10 - TITLE STATEMENT
Title Their eyes were watching God /
Statement of responsibility, etc. Zora Neale Hurston ; illustrated by Jerry Pinkney ; foreword by Ruby Dee ; introduction by Sherley Anne Williams.
260 ## - PUBLICATION, DISTRIBUTION, ETC.
Place of publication, distribution, etc. Urbana :
Name of publisher, distributor, etc. University of Illinois Press,
Date of publication, distribution, etc. c1991.
300 ## - PHYSICAL DESCRIPTION
Extent xxxii, 231 p. :
Other physical details ill. ;
Dimensions 24 cm.
504 ## - BIBLIOGRAPHY, ETC. NOTE
Bibliography, etc. note Includes bibliographical references.
650 #0 - SUBJECT ADDED ENTRY--TOPICAL TERM
Topical term or geographic name entry element African American women
Form subdivision Fiction.
650 #0 - SUBJECT ADDED ENTRY--TOPICAL TERM
Topical term or geographic name entry element Self-realization
Form subdivision Fiction.
655 #7 - INDEX TERM--GENRE/FORM
Genre/form data or focus term Psychological fiction.
Source of term lcsh
700 1# - ADDED ENTRY--PERSONAL NAME
Personal name Pinkney, Jerry.
906 ## - LOCAL DATA ELEMENT F, LDF (RLIN)
a 7
b cbc
c orignew
d 1
e ocip
f 19
g y-gencatlg
942 ## - ADDED ENTRY ELEMENTS (KOHA)
Source of classification or shelving scheme Library of Congress Classification
Koha item type Books
Classification part 3515.U789
Item part THE
Call number prefix PS
Holdings
Withdrawn status Lost status Damaged status Not for loan Collection code Home library Current library Shelving location Date acquired Total Checkouts Full call number Barcode Date last seen Copy number Price effective from Koha item type
        Fiction Mashava Campus Library Mashava Campus Library General Stacks 05/21/2021   PS3515.U789THE1991 000648 05/21/2021 c.1 05/21/2021 Books